[Event "TOP 16"]
[Site "Chalons en Champagne"]
[Date "2007.02.11"]
[Round "3.8"]
[White "Milliet, Sophie"]
[Black "Olivier, Camille"]
[Result "1-0"]
[WhiteElo "2393"]
[BlackElo "1190"]
[PlyCount "41"]
[EventDate "2007.??.??"]
[WhiteTeam "Clichy"]
[BlackTeam "Paris Chess 15"]

1. e4 e6 2. d4 d5 3. e5 c5 4. c3 Nc6 5. Nf3 Bd7 6. Be2 Be7 7. O-O Qb6 8. a3
cxd4 9. cxd4 f6 10. Nc3 Qc7 11. Re1 a6 12. Bd3 Bd8 13. Nxd5 Qc8 14. exf6 Nxf6
15. Nxf6+ Bxf6 16. d5 Nd8 17. Bf4 O-O 18. Rc1 Bxb2 19. Rxc8 Rxf4 20. Rxa8 Bc8
21. Bf1 1-0